|
|
|
|
| LEADER |
00796nab a2200241 i 4500 |
| 001 |
misc1419 |
| 005 |
20191106143613.0 |
| 008 |
170607s1912 hu o 0|| hun d |
| 040 |
|
|
|a SZTE Miscellanea Repozitórium
|b hun
|
| 041 |
|
|
|a hun
|
| 100 |
1 |
|
|a Balassa Imre
|
| 245 |
1 |
0 |
|a Színház
|h [elektronikus dokumentum] /
|c Balassa Imre
|
| 260 |
|
|
|c 1912
|
| 300 |
|
|
|a 423-446
|
| 490 |
0 |
|
|a Kultura [!Kultúra] : irodalmi, művészeti, kritikai képes havi folyóirat
|v 3 No. 7
|
| 695 |
|
|
|a Feld Irén, Színháztudomány
|
| 700 |
0 |
3 |
|a Blas
|e aut
|
| 700 |
0 |
3 |
|a Szőts András
|e aut
|
| 700 |
0 |
3 |
|a Munk Andor
|e aut
|
| 700 |
0 |
3 |
|a Gyulai István
|e aut
|
| 700 |
0 |
3 |
|a Herczeg Ferenc
|e aut
|
| 700 |
0 |
3 |
|a Heyermanns
|e aut
|
| 856 |
4 |
0 |
|u http://misc.bibl.u-szeged.hu/1419/1/kultura_003_007_423-446.pdf
|z Dokumentum-elérés
|